00500nam a2200121Ia 4500008004100000082002200041245012000063250000900183260005800192942000700250999001700257952010400274220204s9999 xx 000 0 und d a631.4:631.81bBIB 0aBibliography of references to the literature on the minor elements and their relation to plant and animal nutrition aEd.3 aNorth CarolinabCarolina Agr Experiment Stationc1939 cBK c21895d21895 00104070aMAINbMAINd2021-12-16l0o631.4:631.81 BIBp02612r2021-12-16 00:00:00w2022-02-14yBK